Ingeniería de software : una perspectiva orientada a objetos / (Registro nro. 22331)

Detalles MARC
000 -LEADER
fixed length control field 01847nam a22002177a 4500
003 - CONTROL NUMBER IDENTIFIER
control field DO-CoUTE
005 - DATE AND TIME OF LATEST TRANSACTION
control field 20230520091025.0
008 - FIXED-LENGTH DATA ELEMENTS--GENERAL INFORMATION
fixed length control field 230202b dr ||||| |||| 00| 0 spa d
020 ## - INTERNATIONAL STANDARD BOOK NUMBER
International Standard Book Number 970-15-0851-3
040 ## - CATALOGING SOURCE
Original cataloging agency DO-CoUTE
Language of cataloging spa
Transcribing agency DO-CoUTE
082 ## - DEWEY DECIMAL CLASSIFICATION NUMBER
Edition number 21
Classification number 005.3 B825i 2015
100 1# - MAIN ENTRY--PERSONAL NAME
Personal name Brade, Eric J.
Relator term autor
245 10 - TITLE STATEMENT
Title Ingeniería de software : una perspectiva orientada a objetos /
Statement of responsibility, etc. Eric J. Brade
250 ## - EDITION STATEMENT
Edition statement Decima sexta reimpresión
260 ## - PUBLICATION, DISTRIBUTION, ETC.
Place of publication, distribution, etc. México, D.F :
Name of publisher, distributor, etc. Alfaomega Grupo Editor,
Date of publication, distribution, etc. 2015
300 ## - PHYSICAL DESCRIPTION
Extent 539 páginas :
Other physical details Ilustraciones ;
Dimensions 23x17cm.
504 ## - BIBLIOGRAPHY, ETC. NOTE
Bibliography, etc. note Incluye referencia bibliográfica e índice
520 ## - SUMMARY, ETC.
Summary, etc. Este libro no sólo muestra el significado de la ingeniería de software, sino también cómo aplicarla. Está escrito con un enfoque completo hacia el software orientado a objetos, perspectiva que abordan otros libros pero sólo de manera fragmentaria. Ofrece un panorama completo en el que encontrará los conceptos básicos, organización del proyecto, construcción del software, propiedades, funciones y objetivos de la aplicación, diseño y arquitectura del producto, la programación correcta y profesional que permita el mantenimiento y la actualización, el proceso de pruebas del software en desarrollo, hasta el ensamblado y mantenimiento. -Consciente de que la ingeniería de software no es un trabajo de una sola persona, este texto hace énfasis en la importancia del trabajo en equipo. -Aborda el análisis de requisitos: mapa conceptual, beneficios, documentación, prototipos, metodologías, diagramas de flujo, interacción con el cliente. -Con numerosos ejemplos de casos de estudio de aplicaciones de videojuegos, científicos y de negocios, todos ellos descritos paso a paso.
650 #7 - SUBJECT ADDED ENTRY--TOPICAL TERM
Source of heading or term LEMB
Topical term or geographic name entry element Arquitectura de computadores - Ingeniería de software
942 ## - ADDED ENTRY ELEMENTS (KOHA)
Source of classification or shelving scheme Dewey Decimal Classification
Koha item type Libros
Existencias
Withdrawn status Lost status Source of classification or shelving scheme Damaged status Not for loan Collection code Home library Current library Shelving location Date acquired Inventory number Full call number Barcode Date last seen Copy number Price effective from Koha item type Total Checkouts
    Dewey Decimal Classification     Colección General Biblioteca UTECO Biblioteca UTECO En Estantería 02/02/2023 021704 005.1 B825i 2015 021704 02/02/2023 Ej.1 02/02/2023 Libros  
    Dewey Decimal Classification     Colección General Biblioteca UTECO Biblioteca UTECO En Estantería 05/18/2023 022167 005.1 B825i 2015 022167 05/18/2023 Ej.2 05/18/2023 Libros  
© 2021 Derechos Reservados UTECO - Teléfono: +1 809-585-2291 - Correo electrónico: biblioteca@uteco.edu.do​  
Código postal 43000 ​​
Dirección: Avenida Universitaria No. 100, 
Cotuí, Provincia Sánchez Ramírez, República Dominicana - RNC: 404-00059-6